Humoristes français par images - Statistiques

Statistiques générales
  • Ce quiz a été pris 396 fois
  • Le résultat moyen est 13 sur 20
Statistiques - réponses
Par images Réponse % Correct
Kev Adams
97%
Coluche
93%
Ahmed Sylla
87%
Artus
86%
Florence Foresti
84%
Booder
79%
Fabrice Éboué
78%
Alban Ivanov
77%
Jérémy Ferrari
76%
Anne Roumanoff
74%
Arnaud Tsamere
73%
Blanche Gardin
63%
Claudia Tagbo
62%
Alison Wheeler
52%
Guillaume Bats
52%
Redouane Bougheraba
52%
Thomas Ngijol
52%
Roman Frayssinet
40%
Waly Dia
37%
Julien Santini
17%
Aucun quiz correspondant
Distribution des résultats
% des personnes avec chaque résultat
Percentile par nombre de réponses
Votre historique - résultats
Vous n’avez pas pris ce quiz